000 00662nam a22001937a 4500
003 OSt
005 20250904073839.0
008 250904b |||||||| |||| 00| 0 eng d
020 _a978-621-406-060-3
040 _aDWC-Main Lib
_cOC
082 _aFil. 100 G643p 2016
100 _aGonzalvo, Romeo P., Jr.
245 _aPhilosophy of the human person :
_btextbook for senior high school/
_cRomeo P. Gonzalvo, Jr.
260 _aIntramuros, Manila, Philippines :
_bMindshapers Co. Inc.,
_cc2016.
300 _ax, 252 pages :
_billustrations ;
_c23cm.
504 _aIncludes bibliographical references.
650 _a1. Philosophy.
942 _2ddc
_cBK - FIL
_kFil.
_n0
999 _c4455
_d4455